| 000 | 00593nam a2200217 a 4500 | ||
|---|---|---|---|
| 001 | BRCA_7113 | ||
| 005 | 20190321142921.0 | ||
| 008 | 291211s1919----gw-#######---#000-0#ger-# | ||
| 041 | _ager | ||
| 044 | _agw | ||
| 050 | 4 | _b.B85 1919 | |
| 100 | 1 |
_aBulcke, Carl _917686 |
|
| 245 | 1 | 0 |
_aDie schöne Frau Schmelzer _bNovellen _cvon Carl Bulcke. |
| 260 |
_aBerlín _bDr. Eysler & Co. G. m. b. H. _c1919 |
||
| 300 |
_a223 p. _c19 cm. |
||
| 500 | _aEstado fisíco: cubiertas y hojas desprendiéndose. | ||
| 500 | _aO130 | ||
| 650 | 1 | 4 |
_aLiteratura Alemana _96160 |
| 902 | _aGFM | ||
| 942 |
_2lcc _cB |
||
| 999 |
_c6794 _d6794 |
||